Biologie - Biomolécules - Statistiques

Statistiques générales
  • Ce quiz a été pris 107 fois
  • Le résultat moyen est 6 sur 13
Statistiques - réponses
Question Réponse % Correct
les carbohydrates sont des sucres et des polymères de sucres, carburants et matériel de construction de la cellule
76%
La différence entre les acides gras saturés et non saturés est les liaisons doubles entre les squelettes de carbone
74%
les protéines ont une structure qui respecte l'ordre suivant les polypeptides s'enroulent et se stabilisent via des H puis forment une structure 3D stabilisée par les interactions entre les radicaux des acides aminés...
71%
Les nucléotides sont un groupe phosphate, une base azotée et un sucre
71%
Les phospholipides sont 2 acides gras hydrophobes et un groupe phosphate hydrophile
66%
Il n'y a pas de ribose dans l'ADN VRAI
50%
les acides nucléiques sont composés de C,G,T,A,U
45%
les stéroïdes sont des squelettes de C avec 4 anneaux fusionnés
42%
Les protéines formés de 4 niveaux de structures
42%
les lipides sont divisés en graisse, phospholipides, stéroïdes
39%
les monosaccharides une formule multiple de C(H2)O avec des groupes hydroxyls et carboxyls
29%
Les acides aminés ont un patern dans leurs structures
24%
Drépanocytose = changement dans la structure primaire
13%
Aucun quiz correspondant
Distribution des résultats
% des personnes avec chaque résultat
Percentile par nombre de réponses
Votre historique - résultats
Vous n’avez pas pris ce quiz